000 00525nam a2200181Ia 4500
008 240729s9999 xx 000 0 und d
022 _a2732-5326
245 0 _aEMJ Microbiology & Infectious Diseases
260 _aUnited Kingdom
260 _bEuropean Medical Journal
650 _a Infectious and parasitic diseases | Science
650 _a Internal medicine
650 _a Microbiology
650 _aMedicine
856 _uhttps://doaj.org/toc/559fc79a3c114f3794cd17518f3c79ec
942 _2ddc
942 _cDOAJEJ
999 _c66157
_d66157
945 _a1
_bMadushi Gamage
_c1
_dMadushi Gamage